| 000 | 01239namaa2200325 a 4500 | ||
|---|---|---|---|
| 001 | vtls000971273 | ||
| 003 | NLI | ||
| 005 | 20210627095158.0 | ||
| 008 | 120209s1968 dcua i001 0 eng | ||
| 039 | 9 |
_y201202091813 _zVLOAD |
|
| 040 |
_aNLI _cVTLS-2010_FOD _eAACR2 |
||
| 041 | 0 | _aeng | |
| 044 | _adcu | ||
| 082 | 0 | 4 | _a328.73 |
| 110 | 1 |
_aUnited States. _bCongress _n(90th, 2nd session : _d1967, July 1-December 30) _bSenate _9909762 |
|
| 245 | 1 | 0 |
_aReport of the secretary of the Senate : _bfrom July 1, 1967, to December 31, 1967 / _cHouse, 90th Congress, 2nd session, United States |
| 260 |
_aWashington,D.C. : _bUnited States Government Printing Office, _c1968 |
||
| 300 |
_aiv, 587 p. : _bill. ; _c23 cm. |
||
| 440 | 0 |
_aSenate document ; _vno. 67 _9706427 |
|
| 500 | _aDocument no. 67 | ||
| 500 | _aIncludes index | ||
| 610 | 1 | 0 |
_aUnited States. _bCongress. _bSenate _xAppropriations and expenditures _9907277 |
| 651 | 0 |
_aUnited States _xAppropriations and expenditures |
|
| 710 | 2 |
_aUnited States. _bGovernment Printing Office _4pbl |
|
| 887 | _a | ||
| 901 |
_aAD 40379 _b20.12.1971 |
||
| 902 | _aU.S 328.73 Un 3(90th Cong. 2nd sess.) S.D. no. 67 | ||
| 949 |
_AVIRTUAITEM _D10000 _X100 _6ADX000040379ENG |
||
| 942 |
_2ddc _cBKS |
||
| 999 |
_c793308 _d793308 |
||